Účtovníctvo rozpočtových organizácií habilitačná práca
Guardado en:
| Autor principal: | |
|---|---|
| Autor Corporativo: | |
| Formato: | Libro |
| Lenguaje: | eslovaco |
| Publicado: |
Bratislava
1999
|
| Materias: | |
| Etiquetas: |
Sin Etiquetas, Sea el primero en etiquetar este registro!
|
MARC
| LEADER | 00000nam$a2200000$$$4500 | ||
|---|---|---|---|
| 001 | 0036537 | ||
| 005 | 20240104091444.1 | ||
| 041 | 0 | |a slo | |
| 044 | |a SK | ||
| 245 | 1 | 0 | |a Účtovníctvo rozpočtových organizácií |b habilitačná práca |c Antónia Kovalčíková |
| 264 | 1 | |a Bratislava |c 1999 | |
| 300 | |a 167 s. | ||
| 610 | 2 | 0 | |a organizácie rozpočtové |
| 610 | 2 | 0 | |a účtovníctvo |
| 610 | 2 | 0 | |a osnova účtová |
| 610 | 2 | 0 | |a saldo |
| 610 | 2 | 0 | |a majetok investičný |
| 610 | 2 | 0 | |a odpisy |
| 610 | 2 | 0 | |a zásoby |
| 610 | 2 | 0 | |a pohľadávky |
| 610 | 2 | 0 | |a záväzky |
| 610 | 2 | 0 | |a náklady |
| 610 | 2 | 0 | |a výnosy |
| 610 | 2 | 0 | |a výsledok hospodársky |
| 610 | 2 | 0 | |a výkaz ziskov a strát |
| 100 | 1 | |a Kovalčíková, Antónia | |
| 710 | 2 | |a Fakulta hospodárskej informatiky EU. Katedra účtovníctva | |